| 000 | 00515nam a22001697a 4500 | ||
|---|---|---|---|
| 005 | 20141120102716.0 | ||
| 008 | 141120b xxu||||| |||| 00| 0 eng d | ||
| 020 | _a9789712722141 | ||
| 050 |
_aDS 686.7 _b.St11 2009 |
||
| 100 | _aSta. Romana-Cruz, Neni. | ||
| 245 |
_aTales from Edsa / _cNeni Sta. Romana-Cruz. |
||
| 260 |
_aManila, Philippines : _bAnvil, _c c2009. |
||
| 300 |
_a221 pages : _c21 cm. |
||
| 650 | _aEDSA Revolution. | ||
| 650 |
_aPhilippines _xHistory _xRevolution _x1986. |
||
| 942 |
_2lcc _cBK _kFIL |
||
| 999 |
_c276842 _d276842 |
||